|
|
|
|
| LEADER |
00000nam a2200000 a 4500 |
| 001 |
vtls001336197 |
| 003 |
SK-MaSNL |
| 005 |
20260302033525.0 |
| 008 |
240314s1998 xo rb slo |
| 015 |
|
|
|a SNBA1998/10-03616
|
| 020 |
|
|
|a 808041209X
|
| 035 |
|
|
|a SNK000289180
|
| 035 |
|
|
|a urn:nbn:sk:snk-amkhxx
|
| 035 |
|
|
|a urn:nbn:sk:snk-am003a7x
|
| 035 |
|
|
|a A586D61A-4758-40B3-BE6F-D4BCBE92E2E2
|
| 040 |
|
|
|a SNK
|b slo
|c SNK
|e AACR2
|
| 041 |
0 |
|
|a slo
|
| 044 |
|
|
|a xo
|c SK
|
| 080 |
|
|
|a 1-051:929
|2 1981
|
| 080 |
|
|
|a 929
|2 1981
|
| 100 |
1 |
|
|a Gál, Jozef
|4 aut
|9 11087
|
| 245 |
1 |
0 |
|a Životopisy slávnych filozofov
|c Jozef Gál
|
| 250 |
|
|
|a 2. dopl. vyd.
|
| 260 |
|
|
|a Banská Bystrica
|b Metodické centrum
|c 1998
|
| 300 |
|
|
|a 68 s.
|c 21 cm
|
| 500 |
|
|
|a 130 výt.
|
| 650 |
0 |
7 |
|a filozofi antickí
|x črty biografické
|2 SNK
|9 683853
|
| 655 |
|
7 |
|a biografie
|2 SNK
|9 27965
|
| 655 |
|
7 |
|a príručky
|2 SNK
|9 74364
|
| 919 |
|
|
|a 80-8041-209-X
|
| 958 |
|
|
|a TL
|
| 958 |
|
|
|a BC
|
| 999 |
|
|
|c 1062045
|d 1063975
|
| 952 |
|
|
|t P60, <03>, [BOOK], {603}
|a SNK
|b SNK
|y PREZ
|7 0
|p 17A0147907
|o snkSC 96233
|i snkKSP 6946/98
|0 0
|1 0
|4 0
|d 1998-07-07
|f 1
|l 0
|r 2025-09-16 00:00:00
|w 2026-02-24
|
| 952 |
|
|
|t P60, <04>, [BOOK], {604}
|a SNK
|b SNK
|y VYP
|7 0
|p 17A0147906
|o snkSC 96233 D1
|i snkKSP 6947/98
|0 0
|1 0
|4 0
|d 1998-07-07
|l 0
|r 2005-01-02 00:00:00
|w 2026-02-24
|